La legislación del Seguro de Vida ante la Medicina Forense / (Record no. 154660)

MARC details
000 -LEADER
campo de control de longitud fija 00691nam a2200181 i 4500
001 - NÚMERO DE CONTROL
campo de control 154660
003 - IDENTIFICADOR DE NÚMERO DE CONTROL
campo de control ES-MaACL
005 - FECHA Y HORA DE LA ÚLTIMA TRANSACCIÓN
campo de control 20250808010926.0
008 - DATOS DE LONGITUD FIJA--INFORMACIÓN GENERAL
campo de control de longitud fija 030304s1898 cu |||| | spa d
040 ## - FUENTE DE CATALOGACIÓN
Centro catalogador/agencia de origen CCPB | B
Lengua de catalogación spa
Centro/agencia transcriptor CCPB | B
100 1# - ENTRADA PRINCIPAL--NOMBRE DE PERSONA
Nombre de persona Gordon y de Acosta, Antonio de.
9 (RLIN) 127475
245 13 - MENCIÓN DEL TÍTULO
Título La legislación del Seguro de Vida ante la Medicina Forense /
Mención de responsabilidad, etc. por Antonio de Gordon y de Acosta.
260 ## - PUBLICACIÓN, DISTRIBUCIÓN, ETC.
Lugar de publicación, distribución, etc. Habana :
Nombre del editor, distribuidor, etc. [s.n.],
Fecha de publicación, distribución, etc. 1898 (
Fabricante imprenta "Revista de almacenes")
300 ## - DESCRIPCIÓN FÍSICA
Extensión 42 p. ;
Dimensiones 24 cm.
650 07 - PUNTO DE ACCESO ADICIONAL DE MATERIA--TÉRMINO DE MATERIA
Término de materia o nombre geográfico como elemento de entrada Seguros de vida
Fuente del encabezamiento o término embne
9 (RLIN) 17028
852 ## - LOCALIZACIÓN
Ubicación ES-MaACL
Número de control de estantería T-833-F-4
Nota libre -- Enc. hol., conservando la cub. original
-- -- Enc. en un vol. facticio
Holdings
Estatus retirado Estado de pérdida Estado de daño No para préstamo Colección Biblioteca de origen Biblioteca actual Ubicación en estantería Fecha de adquisición Total de préstamos Signatura topográfica completa Código de barras Visto por última vez Precio de reemplazo Tipo de ítem Koha
        Colección de folletos Biblioteca del Ateneo de Madrid Biblioteca del Ateneo de Madrid Depósito folletos 17/01/2008   T-833-F-4 1161763 23/02/2023 23/02/2023 Folleto